000 00806nam a2200253 a 4500
001 BRCA_318
005 20190320202946.0
008 840928s1984 enka---##b---#000-0#eng-#
020 _a026466986X
020 _a0264669649 (pbk.)
040 _aDLC
_cDLC
_dDLC
050 4 _aNK5343
_b.A54 1984
100 1 _aAngus, Mark
_91053
245 1 0 _aModern Stained Glass in British Churches
_cMark Angus ; foreword by John Piper.
260 _aGreat Britain
_bMowbray
_c1984.
300 _a120 p.
_bil.
_c29 cm.
500 _aDonación Consejo Británico
504 _aBibliografía: 119-120.
650 1 4 _aVitrales
_xHistoria
_ySiglo XX.
_zGran Bretaña
_91054
650 1 4 _aIglesias
_xDecoración y ornamentación
_ySiglo XX.
_zGran Bretaña
_91055
700 1 _aPiper, Jhon
_91056
902 _aDCB
942 _2lcc
_cB
999 _c255
_d255